000 00453nam a2200145Ia 4500
020 _a0195797779(pbk)
082 _a721
_bSUR
_cN-01, P-90
100 _aSurahyo, A. H.
_945749
245 _aConcrete construction:
_bpractical problems and solutions
260 _aOxford:
_bOxford University Press,
_c2002
300 _a144p. :ill
526 _a0
_b0
_c0
_d721_000000000000000_SUR
650 _aConcrete Construction -- Guide-books
_945750
942 _2ddc
_cBK
999 _c549207
_d549207